Teoría y práctica de la psicomotricidad

Enregistré dans:
Détails bibliographiques
Auteur principal: Tasset, Jean-Marie (Auteur)
Format: Livre
Langue:espagnol
Publié: Buenos Aires Paidos 1980
Collection:Biblioteca de neurología y conducta, 2
Sujets:
Tags: Ajouter un tag
Pas de tags, Soyez le premier à ajouter un tag!

MARC

LEADER 00000nam a2200000 a 4500
001 UCW4495
003 CL-VaPUC
008 900418e19800000AG |||||||||||||||||spa|d
082 0 4 |a 152.3  |b TAS  |2 21 
100 0 |a Tasset, Jean-Marie  |e author  |9 309254 
245 1 0 |a Teoría y práctica de la psicomotricidad 
300 |a 216 p 
942 |c BK 
945 |d 19900418 00:00:00 
260 |a Buenos Aires  |b Paidos  |c 1980 
650 7 |a PSICOMOTRICIDAD  |2 CL-VaPUC  |9 241072 
650 0 |a Aptitud motora   |9 307353 
650 7 |a DESORDENES DEL MOVIMIENTO  |2 CL-VaPUC  |9 309255 
583 |a last modification  |c 19900418 00:00:00  |k Rodrigo Vera 
490 0 |a Biblioteca de neurología y conducta, 2 
999 |c 218218  |d 218216 
952 |0 0  |1 0  |4 0  |6 152_300000000000000_TAS_1980  |7 0  |8 P  |9 207338  |a BIBEDU  |b BIBEDU  |c BIBEDU_PB  |d 2019-11-15  |i 2751186  |o 152.3 TAS 1980  |p 2751186  |r 2024-01-25  |w 2019-11-15  |y BK  |k EDU 
952 |0 0  |1 0  |4 0  |6 152_300000000000000_TAS_1980  |7 0  |8 P  |9 207339  |a BIBEDU  |b BIBEDU  |c BIBEDU_PB  |d 2019-11-15  |i 2751194  |o 152.3 TAS 1980  |p 2751194  |r 2024-01-25  |w 2019-11-15  |y BK  |k EDU 
952 |0 0  |1 0  |4 0  |6 152_300000000000000_TAS_1980  |7 0  |8 P  |9 207340  |a BIBEDU  |b BIBEDU  |c BIBEDU_PB  |d 2019-11-15  |i 2751208  |o 152.3 TAS 1980  |p 2751208  |r 2024-01-25  |w 2019-11-15  |y BK  |k EDU